| 000 | 00930nam a2200229 i 4500 | ||
|---|---|---|---|
| 001 | 35138 | ||
| 003 | ES-MaACL | ||
| 005 | 20250928102041.0 | ||
| 007 | t| | ||
| 008 | 030212s1986 ve ||||1| spa d | ||
| 020 | _a980-265-362-4 | ||
| 245 | 0 | 0 |
_aBolívar y Europa en las crónicas, el pensamiento político y la historiografía. _n1, _pSiglo XIX / _cinvestigación dirigida por Alberto Filippi ; prólogo de J.L. Salcedo-Bastardo. |
| 260 |
_aCaracas : _bEdic. de la Presidencia de la República, Comité Ejecutivo del Bicentenaro de Simón Bolívar, _c[1986] |
||
| 300 |
_a1 v. ; _c25 cm. |
||
| 504 | _aReferencias bibliográficas. | ||
| 600 | 1 | 4 |
_aBolívar, Simón, _d1783-1830 _929964 |
| 651 | 4 |
_aAmérica española- _xHistoria- _y1806-1830, Guerras de la Independencia. _97726 |
|
| 700 | 1 |
_aFilippi, Alberto. _950842 |
|
| 700 | 1 |
_aSalcedo-Bastardo, J. L. _9101847 |
|
| 852 |
_aES-MaACL _jP-552 |
||
| 999 |
_c35138 _d35138 |
||